| 000 | 00545cam a2200205 4500 | ||
|---|---|---|---|
| 001 | J106706 | ||
| 008 | 000000n1999 000 0 eng u | ||
| 035 | _a(Sirsi) u106706 | ||
| 041 | _aENG | ||
| 050 | _a333.337 | ||
| 110 |
_aFPDSavills _93625 |
||
| 245 | _aRetail warehousing quarterly report - Autumn 1999 | ||
| 260 |
_aLondon _bFPD Savills _c1999 |
||
| 300 | _a6p. : ill. ; 30cm. | ||
| 650 | _aINVESTMENT PERFORMANCE | ||
| 650 | _aRETAIL WAREHOUSES | ||
| 650 | _aWAREHOUSES | ||
| 690 | _aPROPERTY-COMMERCIAL PROPERTY | ||
| 942 | _n0 | ||
| 999 |
_c100610 _d100610 |
||